[Event "Hastings Masters"]
[Site "Horntye, Hastings"]
[Date "2017.12.31"]
[Round "4.1"]
[White "Gormally, Daniel W"]
[Black "Lou, Yiping"]
[Result "1/2-1/2"]
[BlackElo "2462"]
[WhiteElo "2477"]
[LiveChessVersion "1.4.8"]

1. d4 {[%clk 1:40:53]} Nf6 {[%clk 1:40:46]} 2. Nf3 {[%clk 1:41:03]} d5
{[%clk 1:40:36]} 3. c4 {[%clk 1:41:15]} e6 {[%clk 1:40:53]} 4. g3
{[%clk 1:41:29]} Be7 {[%clk 1:34:47]} 5. Bg2 {[%clk 1:41:22]} O-O
{[%clk 1:35:11]} 6. O-O {[%clk 1:34:29]} c6 {[%clk 1:33:56]} 7. Qc2
{[%clk 1:34:09]} b6 {[%clk 1:34:18]} 8. Nbd2 {[%clk 1:33:38]} Bb7
{[%clk 1:34:35]} 9. e4 {[%clk 1:30:26]} Na6 {[%clk 1:34:47]} 10. e5
{[%clk 1:22:05]} Nd7 {[%clk 1:34:38]} 11. cxd5 {[%clk 1:22:22]} Nb4
{[%clk 1:32:04]} 12. Qb3 {[%clk 1:15:29]} Nxd5 {[%clk 1:24:36]} 13. Ne4
{[%clk 1:12:33]} c5 {[%clk 1:24:04]} 14. dxc5 {[%clk 1:08:06]} Nxc5
{[%clk 1:24:05]} 15. Nxc5 {[%clk 1:08:29]} Bxc5 {[%clk 1:24:30]} 16. Bg5
{[%clk 1:07:43]} Be7 {[%clk 1:12:13]} 17. Bxe7 {[%clk 0:58:17]} Qxe7
{[%clk 1:12:20]} 18. Nd2 {[%clk 0:56:50]} Qc7 {[%clk 1:09:11]} 19. f4
{[%clk 0:51:43]} Rac8 {[%clk 0:51:48]} 20. Ne4 {[%clk 0:50:59]} Ne7
{[%clk 0:51:11]} 21. Nd6 {[%clk 0:49:37]} Bxg2 {[%clk 0:51:19]} 22. Kxg2
{[%clk 0:43:34]} Qc6+ {[%clk 0:49:17]} 23. Qf3 {[%clk 0:42:59]} Qxf3+
{[%clk 0:49:04]} 24. Rxf3 {[%clk 0:42:28]} Rc2+ {[%clk 0:48:35]} 25. Rf2
{[%clk 0:42:53]} Rc6 {[%clk 0:48:48]} 26. Rff1 {[%clk 0:42:28]} Rc2+
{[%clk 0:48:50]} 27. Rf2 {[%clk 0:42:53]} Rc6 {[%clk 0:49:17]} 28. Rff1
{[%clk 0:43:18]} 1/2-1/2

[Event "Hastings Masters"]
[Site "Horntye, Hastings"]
[Date "2017.12.31"]
[Round "4.2"]
[White "Cherniaev, Alexander"]
[Black "Fier, Alexandr"]
[Result "0-1"]
[BlackElo "2576"]
[WhiteElo "2436"]
[LiveChessVersion "1.4.8"]

1. e4 {[%clk 1:36:57]} c6 {[%clk 1:40:54]} 2. d4 {[%clk 1:32:45]} d5
{[%clk 1:41:03]} 3. e5 {[%clk 1:33:06]} Bf5 {[%clk 1:41:28]} 4. Be3
{[%clk 1:33:16]} Qb6 {[%clk 1:41:52]} 5. Qc1 {[%clk 1:30:54]} e6 {[%clk 1:42:00]}
6. Nd2 {[%clk 1:23:38]} c5 {[%clk 1:36:50]} 7. Nb3 {[%clk 1:23:47]} Nd7
{[%clk 1:36:53]} 8. c3 {[%clk 1:21:58]} a6 {[%clk 1:31:13]} 9. Be2
{[%clk 1:18:36]} cxd4 {[%clk 1:29:49]} 10. Nxd4 {[%clk 1:18:52]} Be4
{[%clk 1:29:09]} 11. f3 {[%clk 1:19:09]} Bg6 {[%clk 1:29:34]} 12. f4
{[%clk 1:19:26]} Qc7 {[%clk 1:27:52]} 13. Nh3 {[%clk 1:14:12]} Bc5
{[%clk 1:27:05]} 14. O-O {[%clk 1:14:04]} Ne7 {[%clk 1:27:32]} 15. g4
{[%clk 1:08:34]} h5 {[%clk 1:23:15]} 16. f5 {[%clk 1:08:26]} hxg4
{[%clk 1:23:32]} 17. fxg6 {[%clk 1:08:49]} Nxg6 {[%clk 1:23:56]} 18. Bxg4
{[%clk 0:58:25]} Ndxe5 {[%clk 1:24:07]} 19. Bxe6 {[%clk 0:57:03]} fxe6
{[%clk 1:18:00]} 20. Nxe6 {[%clk 0:57:23]} Qd6 {[%clk 1:17:14]} 21. Nxg7+
{[%clk 0:56:36]} Kd7 {[%clk 1:17:25]} 22. Nf5 {[%clk 0:57:00]} Rxh3
{[%clk 1:17:36]} 0-1

[Event "Hastings Masters"]
[Site "Horntye, Hastings"]
[Date "2017.12.31"]
[Round "4.3"]
[White "Murphy, Conor E"]
[Black "Vakhidov, Jakhongir"]
[Result "0-1"]
[BlackElo "2500"]
[WhiteElo "2313"]
[LiveChessVersion "1.4.8"]

1. d4 {[%clk 1:40:57]} d6 {[%clk 1:28:19]} 2. e4 {[%clk 1:40:49]} Nf6
{[%clk 1:28:32]} 3. Nc3 {[%clk 1:41:06]} Nc6 {[%clk 1:28:29]} 4. Nge2
{[%clk 1:36:52]} g6 {[%clk 1:28:11]} 5. g3 {[%clk 1:36:53]} Bg7 {[%clk 1:27:10]}
6. Bg2 {[%clk 1:36:59]} O-O {[%clk 1:27:00]} 7. O-O {[%clk 1:37:13]} e5
{[%clk 1:27:03]} 8. dxe5 {[%clk 1:36:54]} Nxe5 {[%clk 1:26:32]} 9. f4
{[%clk 1:36:11]} Ned7 {[%clk 1:26:27]} 10. Be3 {[%clk 1:30:08]} Re8
{[%clk 1:26:21]} 11. h3 {[%clk 1:28:59]} Nb6 {[%clk 1:25:26]} 12. Qd3
{[%clk 1:22:14]} c6 {[%clk 1:19:29]} 13. Rad1 {[%clk 1:17:40]} d5
{[%clk 1:18:31]} 14. b3 {[%clk 1:16:05]} Nxe4 {[%clk 1:11:14]} 15. Nxe4
{[%clk 0:55:11]} Bf5 {[%clk 1:10:45]} 16. g4 {[%clk 0:52:43]} Bxe4
{[%clk 1:10:19]} 17. Bxe4 {[%clk 0:52:35]} Qe7 {[%clk 0:39:05]} 18. Bf3
{[%clk 0:33:55]} Qxe3+ {[%clk 0:38:22]} 19. Qxe3 {[%clk 0:33:33]} Rxe3
{[%clk 0:38:39]} 20. Kf2 {[%clk 0:33:31]} Rae8 {[%clk 0:37:19]} 21. Rfe1
{[%clk 0:30:49]} Nd7 {[%clk 0:30:49]} 22. Nc1 {[%clk 0:22:24]} Bd4
{[%clk 0:28:38]} 23. Rxe3 {[%clk 0:19:45]} Bxe3+ {[%clk 0:28:53]} 24. Kg3
{[%clk 0:19:55]} Bxc1 {[%clk 0:21:47]} 25. Rxc1 {[%clk 0:20:20]} Re3
{[%clk 0:21:49]} 26. Rd1 {[%clk 0:11:40]} Rc3 {[%clk 0:21:29]} 27. Rd2
{[%clk 0:09:49]} Nc5 {[%clk 0:21:13]} 28. Kg2 {[%clk 0:09:44]} Ne6
{[%clk 0:20:49]} 29. Kg3 {[%clk 0:07:20]} g5 {[%clk 0:15:52]} 30. f5
{[%clk 0:07:02]} Nf4 {[%clk 0:13:57]} 31. h4 {[%clk 0:06:58]} h6 {[%clk 0:14:13]}
32. hxg5 {[%clk 0:05:03]} hxg5 {[%clk 0:14:31]} 33. Rh2 {[%clk 0:04:38]} Kg7
{[%clk 0:14:37]} 34. Rd2 {[%clk 0:04:37]} b5 {[%clk 0:14:33]} 35. Kf2
{[%clk 0:04:22]} a5 {[%clk 0:13:16]} 36. Kg3 {[%clk 0:04:05]} a4 {[%clk 0:12:30]}
37. Kf2 {[%clk 0:03:39]} a3 {[%clk 0:12:37]} 38. Kg3 {[%clk 0:02:42]} Kf6
{[%clk 0:11:05]} 39. Rh2 {[%clk 0:02:35]} Ke7 {[%clk 0:10:55]} 40. Rd2
{[%clk 0:02:41]} b4 {[%clk 0:08:11]} 41. Kf2 {[%clk 0:00:58]} Kd6
{[%clk 0:05:21]} 42. Kg3 {[%clk 0:48:41]} Ke5 {[%clk 0:54:35]} 43. Kf2
{[%clk 0:48:52]} f6 {[%clk 0:54:05]} 44. Kg3 {[%clk 0:46:22]} c5 {[%clk 0:53:31]}
45. Kf2 {[%clk 0:44:55]} d4 {[%clk 0:53:09]} 46. Bc6 {[%clk 0:39:05]} d3
{[%clk 0:50:01]} 47. cxd3 {[%clk 0:38:59]} Kd4 {[%clk 0:50:21]} 48. Bf3
{[%clk 0:37:36]} Rc1 {[%clk 0:49:32]} 49. Bd1 {[%clk 0:36:56]} Rb1
{[%clk 0:48:47]} 50. Ke1 {[%clk 0:34:41]} Ke3 0-1

[Event "Hastings Masters"]
[Site "Horntye, Hastings"]
[Date "2017.12.31"]
[Round "4.4"]
[White "Das, Arghyadip"]
[Black "Arkell, Keith C"]
[Result "1/2-1/2"]
[BlackElo "2416"]
[WhiteElo "2451"]
[LiveChessVersion "1.4.8"]

1. e4 {[%clk 1:40:10]} e6 {[%clk 1:40:54]} 2. d4 {[%clk 1:40:22]} d5
{[%clk 1:41:20]} 3. Nc3 {[%clk 1:40:33]} dxe4 {[%clk 1:41:43]} 4. Nxe4
{[%clk 1:40:58]} Nd7 {[%clk 1:42:05]} 5. Nf3 {[%clk 1:39:52]} Ngf6
{[%clk 1:42:28]} 6. Nxf6+ {[%clk 1:37:16]} Nxf6 {[%clk 1:42:52]} 7. g3
{[%clk 1:37:42]} Be7 {[%clk 1:42:37]} 8. Bg2 {[%clk 1:38:06]} O-O
{[%clk 1:43:02]} 9. O-O {[%clk 1:38:14]} c5 {[%clk 1:42:53]} 10. c4
{[%clk 1:32:09]} Qb6 {[%clk 1:38:18]} 11. dxc5 {[%clk 1:24:06]} Bxc5
{[%clk 1:38:42]} 12. Ne5 {[%clk 1:20:32]} Rd8 {[%clk 1:34:38]} 13. Qe2
{[%clk 1:20:14]} Bd7 {[%clk 1:33:22]} 14. Bg5 {[%clk 1:09:47]} Be8
{[%clk 1:21:25]} 15. Ng4 {[%clk 0:53:37]} Be7 {[%clk 1:20:15]} 16. Rad1
{[%clk 0:45:45]} Bc6 {[%clk 1:19:17]} 17. Nxf6+ {[%clk 0:44:09]} Bxf6
{[%clk 1:19:02]} 18. Bxf6 {[%clk 0:44:12]} gxf6 {[%clk 1:19:27]} 19. b3
{[%clk 0:41:06]} Bxg2 {[%clk 1:15:54]} 20. Kxg2 {[%clk 0:41:18]} Qc6+
{[%clk 1:16:18]} 21. Kg1 {[%clk 0:40:55]} a6 {[%clk 1:15:32]} 22. a4
{[%clk 0:38:10]} Qb6 {[%clk 1:13:21]} 23. Qf3 {[%clk 0:35:43]} Kg7
{[%clk 1:13:27]} 24. Qg4+ {[%clk 0:32:49]} Kf8 {[%clk 1:13:35]} 25. Qf3
{[%clk 0:31:02]} Kg7 {[%clk 1:13:26]} 26. Rfe1 {[%clk 0:25:53]} 1/2-1/2

[Event "Hastings Masters"]
[Site "Horntye, Hastings"]
[Date "2017.12.31"]
[Round "4.5"]
[White "Boino, Claudio"]
[Black "Lalic, Bogdan"]
[Result "1/2-1/2"]
[BlackElo "2415"]
[WhiteElo "2123"]
[LiveChessVersion "1.4.8"]

1. d4 {[%clk 1:40:58]} Nf6 {[%clk 1:35:36]} 2. Nf3 {[%clk 1:41:19]} g6
{[%clk 1:35:57]} 3. c4 {[%clk 1:41:42]} Bg7 {[%clk 1:36:16]} 4. Nc3
{[%clk 1:42:04]} d5 {[%clk 1:36:38]} 5. cxd5 {[%clk 1:42:22]} Nxd5
{[%clk 1:36:59]} 6. e4 {[%clk 1:42:47]} Nxc3 {[%clk 1:37:21]} 7. bxc3
{[%clk 1:43:11]} c5 {[%clk 1:37:43]} 8. Rb1 {[%clk 1:43:35]} O-O {[%clk 1:36:21]}
9. Be2 {[%clk 1:42:48]} Nc6 {[%clk 1:32:19]} 10. d5 {[%clk 1:43:08]} Ne5
{[%clk 1:32:31]} 11. Nxe5 {[%clk 1:42:16]} Bxe5 {[%clk 1:32:54]} 12. Qd2
{[%clk 1:42:42]} e6 {[%clk 1:33:05]} 13. f4 {[%clk 1:42:55]} Bc7 {[%clk 1:33:21]}
14. O-O {[%clk 1:43:17]} exd5 {[%clk 1:32:53]} 15. exd5 {[%clk 1:43:30]} Ba5
{[%clk 1:32:08]} 1/2-1/2

[Event "Hastings Masters"]
[Site "Horntye, Hastings"]
[Date "2017.12.31"]
[Round "4.6"]
[White "Sengupta, Deep"]
[Black "Buchenau, Frank"]
[Result "0-1"]
[BlackElo "2236"]
[WhiteElo "2586"]
[LiveChessVersion "1.4.8"]

1. e4 {[%clk 1:40:58]} c6 {[%clk 1:40:43]} 2. d4 {[%clk 1:41:17]} d5
{[%clk 1:40:46]} 3. e5 {[%clk 1:41:43]} Bf5 {[%clk 1:41:08]} 4. Nf3
{[%clk 1:41:57]} e6 {[%clk 1:41:28]} 5. Be2 {[%clk 1:42:24]} Nd7 {[%clk 1:41:46]}
6. O-O {[%clk 1:42:44]} Ne7 {[%clk 1:39:03]} 7. Nbd2 {[%clk 1:43:09]} h6
{[%clk 1:38:45]} 8. Nb3 {[%clk 1:43:34]} Bh7 {[%clk 1:38:29]} 9. a4
{[%clk 1:43:59]} Ng6 {[%clk 1:38:17]} 10. a5 {[%clk 1:43:56]} Be7
{[%clk 1:37:32]} 11. c4 {[%clk 1:44:19]} O-O {[%clk 1:37:14]} 12. a6
{[%clk 1:40:44]} b6 {[%clk 1:36:39]} 13. cxd5 {[%clk 1:41:09]} cxd5
{[%clk 1:36:55]} 14. Bd3 {[%clk 1:39:20]} Rc8 {[%clk 1:33:51]} 15. Bd2
{[%clk 1:32:49]} Nh4 {[%clk 1:26:06]} 16. Bxh7+ {[%clk 1:29:37]} Kxh7
{[%clk 1:26:04]} 17. Nxh4 {[%clk 1:26:58]} Bxh4 {[%clk 1:26:27]} 18. Qe2
{[%clk 1:23:21]} Rc4 {[%clk 1:22:51]} 19. Bc3 {[%clk 1:22:27]} Be7
{[%clk 1:20:59]} 20. f4 {[%clk 1:19:22]} f5 {[%clk 1:14:16]} 21. exf6
{[%clk 1:18:54]} Rxf6 {[%clk 1:13:15]} 22. Nd2 {[%clk 1:17:21]} Rc6
{[%clk 1:09:53]} 23. g3 {[%clk 1:17:15]} Qb8 {[%clk 0:57:33]} 24. Qb5
{[%clk 1:16:09]} Qc8 {[%clk 0:43:50]} 25. Rf3 {[%clk 1:15:47]} Nb8
{[%clk 0:42:19]} 26. Re3 {[%clk 1:15:17]} Rc7 {[%clk 0:36:52]} 27. Nf3
{[%clk 1:10:15]} Kg8 {[%clk 0:33:59]} 28. Kg2 Bd6 29. Qe2 {[%clk 1:02:30]} Re7
{[%clk 0:21:30]} 30. Nh4 {[%clk 0:56:00]} Qe8 {[%clk 0:14:01]} 31. Be1
{[%clk 0:50:53]} Nc6 {[%clk 0:12:09]} 32. Nf3 {[%clk 0:51:13]} g5
{[%clk 0:09:31]} 33. fxg5 {[%clk 0:45:37]} hxg5 {[%clk 0:09:54]} 34. Rc1
{[%clk 0:45:50]} Rg7 {[%clk 0:03:16]} 35. Qb5 {[%clk 0:44:20]} Bf4
{[%clk 0:01:39]} 36. gxf4 {[%clk 0:30:45]} gxf4+ {[%clk 0:02:07]} 37. Bg3
{[%clk 0:31:14]} fxe3 {[%clk 0:01:33]} 38. Rxc6 {[%clk 0:31:24]} e2
{[%clk 0:01:09]} 39. Ne1 {[%clk 0:31:08]} Rf1 {[%clk 0:00:41]} 40. Qxe2
{[%clk 0:30:13]} Rxe1 {[%clk 0:00:54]} 41. Qc2 {[%clk 0:28:02]} Re2+
{[%clk 0:49:56]} 42. Qxe2 {[%clk 1:18:30]} Qxc6 {[%clk 0:50:19]} 43. b4
{[%clk 1:17:55]} b5 {[%clk 0:50:01]} 44. h4 {[%clk 1:14:47]} Qxa6
{[%clk 0:46:09]} 45. Kh2 {[%clk 1:15:13]} Qc6 {[%clk 0:42:36]} 46. Be5
{[%clk 1:15:06]} Rh7 {[%clk 0:40:07]} 47. h5 {[%clk 1:01:13]} Kf8
{[%clk 0:32:39]} 48. Kg3 {[%clk 0:54:31]} Qe8 {[%clk 0:28:46]} 49. Qf1+
{[%clk 0:40:40]} Rf7 {[%clk 0:26:11]} 50. Qc1 {[%clk 0:39:27]} Rf5
{[%clk 0:22:15]} 51. Qc5+ {[%clk 0:38:29]} Kg8 {[%clk 0:20:29]} 52. Qc7
{[%clk 0:37:20]} Qf8 53. Qd7 Rxe5 54. dxe5 Qg7+ 55. Qxg7+ Kxg7 56. Kf4 Kh6 57.
Kg4 d4 0-1

[Event "Hastings Masters"]
[Site "Horntye, Hastings"]
[Date "2017.12.31"]
[Round "4.7"]
[White "Britton, Richard L"]
[Black "Wegerle, Joerg"]
[Result "0-1"]
[BlackElo "2421"]
[WhiteElo "2239"]
[LiveChessVersion "1.4.8"]

1. e4 {[%clk 1:40:57]} e6 {[%clk 1:40:50]} 2. d3 {[%clk 1:40:56]} d5
{[%clk 1:41:07]} 3. Nd2 {[%clk 1:41:21]} Nf6 {[%clk 1:41:23]} 4. g3
{[%clk 1:41:28]} dxe4 {[%clk 1:37:06]} 5. dxe4 {[%clk 1:41:51]} e5
{[%clk 1:37:28]} 6. Bg2 {[%clk 1:36:36]} Bc5 {[%clk 1:33:05]} 7. Ngf3
{[%clk 1:36:46]} O-O {[%clk 1:31:38]} 8. O-O {[%clk 1:37:12]} Nc6
{[%clk 1:31:50]} 9. Qe2 Qe7 {[%clk 1:29:30]} 10. c3 {[%clk 1:20:13]} a5
{[%clk 1:28:48]} 11. Nc4 {[%clk 1:16:14]} b6 {[%clk 1:17:07]} 12. Nh4
{[%clk 0:53:14]} Bg4 {[%clk 1:00:30]} 13. Qc2 {[%clk 0:51:21]} Rad8
{[%clk 0:44:21]} 14. Ne3 {[%clk 0:43:35]} Bxe3 {[%clk 0:40:59]} 15. Bxe3
{[%clk 0:43:23]} Rd6 {[%clk 0:40:54]} 16. h3 {[%clk 0:31:15]} Bc8
{[%clk 0:39:33]} 17. Nf5 {[%clk 0:29:35]} Bxf5 {[%clk 0:37:17]} 18. exf5
{[%clk 0:30:00]} h6 {[%clk 0:28:17]} 19. Rfe1 {[%clk 0:26:09]} Qd7
{[%clk 0:26:55]} 20. g4 {[%clk 0:23:05]} Re8 {[%clk 0:20:27]} 21. Be4
{[%clk 0:17:46]} Ne7 {[%clk 0:15:29]} 22. Re2 {[%clk 0:08:27]} Ned5
{[%clk 0:15:06]} 23. Bc1 {[%clk 0:05:50]} Nxe4 {[%clk 0:14:18]} 24. Qxe4
{[%clk 0:06:11]} Nf6 {[%clk 0:14:38]} 25. Qf3 {[%clk 0:02:05]} e4
{[%clk 0:13:42]} 26. Qg3 {[%clk 0:01:31]} Rd1+ {[%clk 0:12:59]} 27. Kh2
{[%clk 0:01:17]} Qd3 {[%clk 0:08:52]} 28. Qe3 {[%clk 0:01:08]} Qd6+
{[%clk 0:06:58]} 29. Qg3 {[%clk 0:01:25]} Qd3 {[%clk 0:04:39]} 30. Qe3
{[%clk 0:01:48]} Rd8 {[%clk 0:03:32]} 31. Re1 {[%clk 0:01:26]} Qc2
{[%clk 0:03:01]} 32. Re2 {[%clk 0:01:16]} Qd3 {[%clk 0:03:00]} 33. Re1
{[%clk 0:01:41]} Qd6+ {[%clk 0:03:15]} 34. Kg2 {[%clk 0:01:57]} Qc6
{[%clk 0:03:27]} 35. Kh2 {[%clk 0:01:31]} R8d3 {[%clk 0:02:28]} 36. Rxd1
{[%clk 0:01:46]} Rxd1 {[%clk 0:02:35]} 37. b3 {[%clk 0:01:16]} Rd3
{[%clk 0:01:38]} 38. Qe2 {[%clk 0:01:08]} Qxc3 {[%clk 0:01:08]} 39. Bb2
{[%clk 0:01:33]} Rxh3+ {[%clk 0:01:15]} 40. Kg2 {[%clk 0:01:57]} Qd3
{[%clk 0:00:50]} 41. Re1 {[%clk 0:47:40]} Qxe2 {[%clk 0:45:32]} 42. Rxe2
{[%clk 0:48:04]} Rd3 {[%clk 0:45:54]} 43. Bxf6 {[%clk 0:48:17]} gxf6
{[%clk 0:46:18]} 44. Rxe4 {[%clk 0:48:40]} Rd2 {[%clk 0:46:28]} 45. a4
{[%clk 0:40:10]} Kf8 {[%clk 0:35:23]} 46. Re3 {[%clk 0:33:57]} Rd4
{[%clk 0:28:05]} 47. Kg3 {[%clk 0:32:25]} c5 {[%clk 0:27:58]} 48. f3
{[%clk 0:25:37]} Rb4 {[%clk 0:23:46]} 49. Kh4 {[%clk 0:23:15]} Kg7
{[%clk 0:18:00]} 50. Rc3 {[%clk 0:22:46]} Rd4 {[%clk 0:16:48]} 51. Re3
{[%clk 0:22:02]} c4 {[%clk 0:16:11]} 52. bxc4 Rxc4 {[%clk 0:16:39]} 53. Ra3
{[%clk 0:18:37]} Rb4 {[%clk 0:16:43]} 54. Ra1 {[%clk 0:17:55]} h5 55. Kxh5
{[%clk 0:16:23]} Rb3 {[%clk 0:11:57]} 56. Kh4 {[%clk 0:15:51]} Rxf3
{[%clk 0:12:11]} 57. Rb1 {[%clk 0:16:16]} Rf4 {[%clk 0:12:26]} 58. Rxb6
{[%clk 0:16:36]} Rxa4 {[%clk 0:12:49]} 59. Ra6 {[%clk 0:13:09]} Ra1
{[%clk 0:12:23]} 60. g5 {[%clk 0:12:13]} Rh1+ {[%clk 0:11:28]} 61. Kg4
{[%clk 0:12:38]} Rg1+ {[%clk 0:11:32]} 62. Kh4 {[%clk 0:13:03]} fxg5+
{[%clk 0:05:35]} 63. Kh5 {[%clk 0:13:24]} Rf1 {[%clk 0:01:53]} 64. Kxg5
{[%clk 0:13:21]} f6+ {[%clk 0:02:06]} 65. Kg4 {[%clk 0:13:32]} Ra1
{[%clk 0:02:16]} 66. Ra7+ {[%clk 0:12:25]} Kh6 {[%clk 0:02:24]} 67. Rf7
{[%clk 0:12:43]} Ra4+ {[%clk 0:02:45]} 0-1

[Event "Hastings Masters"]
[Site "Horntye, Hastings"]
[Date "2017.12.31"]
[Round "4.8"]
[White "Taylor, Adam C"]
[Black "Radovanovic, Jovica"]
[Result "1/2-1/2"]
[BlackElo "2320"]
[WhiteElo "2242"]
[LiveChessVersion "1.4.8"]

1. Nf3 {[%clk 1:40:57]} d6 {[%clk 1:39:19]} 2. d4 {[%clk 1:40:32]} Nf6
{[%clk 1:39:27]} 3. g3 {[%clk 1:39:28]} g6 {[%clk 1:39:41]} 4. Bg2
{[%clk 1:39:57]} Bg7 {[%clk 1:40:05]} 5. O-O {[%clk 1:39:50]} O-O
{[%clk 1:40:29]} 6. Nc3 {[%clk 1:22:54]} Nbd7 {[%clk 1:40:18]} 7. e4
{[%clk 1:22:00]} e5 {[%clk 1:40:39]} 8. dxe5 {[%clk 1:22:10]} dxe5
{[%clk 1:40:54]} 9. b3 {[%clk 1:19:12]} Qe7 {[%clk 1:32:56]} 10. a4
{[%clk 1:18:04]} Nc5 {[%clk 1:20:23]} 11. Ba3 {[%clk 1:17:54]} b6
{[%clk 1:18:47]} 12. Qe2 {[%clk 1:04:22]} a5 {[%clk 1:10:49]} 13. Nd2
{[%clk 1:01:45]} Ba6 {[%clk 1:06:42]} 14. Nc4 {[%clk 1:02:09]} Rad8
{[%clk 1:04:05]} 15. Rad1 {[%clk 1:02:09]} c6 {[%clk 0:59:20]} 16. Qe3
{[%clk 0:43:11]} Ng4 {[%clk 0:38:11]} 17. Qf3 {[%clk 0:41:09]} Bxc4
{[%clk 0:37:00]} 18. Rxd8 {[%clk 0:40:22]} Rxd8 {[%clk 0:36:48]} 19. bxc4
{[%clk 0:40:30]} h5 {[%clk 0:36:41]} 20. Rd1 {[%clk 0:32:47]} Rxd1+
{[%clk 0:32:47]} 21. Qxd1 {[%clk 0:31:31]} Bf8 {[%clk 0:32:23]} 22. f3
{[%clk 0:26:37]} Nf6 {[%clk 0:27:12]} 23. Bh3 {[%clk 0:23:48]} Qc7
{[%clk 0:22:50]} 24. Bxc5 {[%clk 0:18:56]} Bxc5+ {[%clk 0:23:12]} 25. Kg2
{[%clk 0:19:22]} Kf8 {[%clk 0:20:11]} 26. Ne2 {[%clk 0:18:09]} Ke7
{[%clk 0:19:48]} 27. Nc1 {[%clk 0:16:46]} Be3 {[%clk 0:09:47]} 28. Nd3
{[%clk 0:16:51]} Qd6 {[%clk 0:08:38]} 29. Qa1 {[%clk 0:16:25]} Bd4
{[%clk 0:07:38]} 30. Qc1 {[%clk 0:16:50]} Bc5 {[%clk 0:03:43]} 31. Qg5
{[%clk 0:16:27]} Qd4 {[%clk 0:01:13]} 32. Qxe5+ {[%clk 0:16:52]} Kd8
{[%clk 0:00:41]} 33. Qxd4+ {[%clk 0:10:58]} Bxd4 {[%clk 0:01:09]} 34. e5
{[%clk 0:11:27]} Ne8 {[%clk 0:01:37]} 35. f4 {[%clk 0:08:44]} Nc7
{[%clk 0:01:07]} 36. f5 {[%clk 0:08:56]} b5 {[%clk 0:01:12]} 37. cxb5
{[%clk 0:08:45]} cxb5 {[%clk 0:01:38]} 38. axb5 {[%clk 0:08:00]} Nxb5
{[%clk 0:01:09]} 39. fxg6 {[%clk 0:06:11]} fxg6 {[%clk 0:01:34]} 40. Be6
{[%clk 0:04:13]} a4 {[%clk 0:01:12]} 41. Kf3 {[%clk 0:03:15]} Ke7
{[%clk 0:00:34]} 42. Bg8 {[%clk 0:49:51]} a3 {[%clk 0:39:47]} 43. Kf4
{[%clk 0:43:31]} Nc3 {[%clk 0:22:48]} 44. Nb4 {[%clk 0:43:44]} Kf8
{[%clk 0:20:50]} 45. Bc4 {[%clk 0:43:33]} Bc5 {[%clk 0:18:47]} 46. Na2
{[%clk 0:43:47]} Nxa2 {[%clk 0:19:01]} 47. Bxa2 {[%clk 0:44:13]} Bg1
{[%clk 0:14:52]} 48. h3 {[%clk 0:40:12]} Bh2 {[%clk 0:13:24]} 49. Kg5
{[%clk 0:40:39]} Bxg3 {[%clk 0:13:32]} 50. Kf6 {[%clk 0:41:07]} h4
{[%clk 0:11:04]} 51. c4 {[%clk 0:40:39]} Bf2 {[%clk 0:11:01]} 52. Kxg6
{[%clk 0:41:05]} Ke7 {[%clk 0:11:00]} 53. Kf5 {[%clk 0:41:32]} Bc5 54. Ke4 Ke6
55. Bb3 Be7 56. c5+ Kd7 57. Kd5 Kc7 58. Bc4 Bf8 59. Bb3 Be7 60. Ba2 Bf8 61. c6
Bb4 1/2-1/2

[Event "Hastings Masters"]
[Site "Horntye, Hastings"]
[Date "2017.12.31"]
[Round "4.9"]
[White "Derakhshani, Borna"]
[Black "Byron, Alan M"]
[Result "1-0"]
[BlackElo "2099"]
[WhiteElo "2298"]
[LiveChessVersion "1.4.8"]

1. d4 {[%clk 1:40:53]} d6 {[%clk 1:40:48]} 2. e4 {[%clk 1:40:50]} Nf6
{[%clk 1:40:56]} 3. Nc3 {[%clk 1:40:57]} e5 {[%clk 1:40:36]} 4. Nf3
{[%clk 1:38:04]} Nbd7 {[%clk 1:40:57]} 5. Bc4 {[%clk 1:37:15]} Be7
{[%clk 1:41:19]} 6. O-O {[%clk 1:32:30]} O-O {[%clk 1:39:21]} 7. Kh1
{[%clk 1:28:30]} c6 {[%clk 1:36:52]} 8. a4 {[%clk 1:24:35]} b6 {[%clk 1:36:59]}
9. d5 {[%clk 1:22:36]} c5 {[%clk 1:34:46]} 10. Ne1 {[%clk 1:22:15]} Ne8
{[%clk 1:31:19]} 11. Nd3 {[%clk 1:20:50]} Bg5 {[%clk 1:29:53]} 12. a5
{[%clk 1:18:25]} a6 {[%clk 1:13:42]} 13. axb6 {[%clk 1:16:47]} Nxb6
{[%clk 1:14:05]} 14. Ba2 {[%clk 1:17:08]} Bxc1 {[%clk 1:12:45]} 15. Qxc1
{[%clk 1:17:20]} f5 {[%clk 1:12:59]} 16. f4 {[%clk 1:17:08]} fxe4
{[%clk 0:52:32]} 17. Nxe4 {[%clk 1:17:17]} c4 {[%clk 0:48:26]} 18. Nb4
{[%clk 1:17:10]} Qh4 {[%clk 0:45:59]} 19. Qe3 {[%clk 1:15:13]} Bf5
{[%clk 0:38:52]} 20. Ng3 {[%clk 1:12:54]} a5 {[%clk 0:30:54]} 21. fxe5
{[%clk 1:09:20]} axb4 {[%clk 0:29:44]} 22. Nxf5 {[%clk 1:09:07]} Rxf5
{[%clk 0:15:19]} 23. Rxf5 {[%clk 1:09:24]} Nd7 {[%clk 0:15:33]} 24. Raf1
{[%clk 1:07:39]} Rxa2 {[%clk 0:10:01]} 25. exd6 {[%clk 1:08:02]} Nef6
{[%clk 0:10:13]} 26. Qe6+ {[%clk 1:08:27]} Kh8 {[%clk 0:09:03]} 27. Qxd7
{[%clk 1:08:46]} h6 {[%clk 0:06:57]} 28. Qd8+ {[%clk 1:08:42]} Kh7
{[%clk 0:07:12]} 29. d7 {[%clk 1:08:09]} c3 {[%clk 0:05:52]} 30. Qxf6
{[%clk 1:06:21]} 1-0

[Event "Hastings Masters"]
[Site "Horntye, Hastings"]
[Date "2017.12.31"]
[Round "4.10"]
[White "Stany, G.A."]
[Black "Villiers, Thomas"]
[Result "1-0"]
[BlackElo "2136"]
[WhiteElo "2502"]
[LiveChessVersion "1.4.8"]

1. e4 {[%clk 1:40:57]} e6 {[%clk 1:40:53]} 2. b3 {[%clk 1:40:02]} d5
{[%clk 1:39:22]} 3. Bb2 {[%clk 1:40:28]} dxe4 {[%clk 1:38:39]} 4. Nc3
{[%clk 1:40:53]} Nf6 {[%clk 1:38:57]} 5. g4 {[%clk 1:39:45]} Nbd7
{[%clk 1:25:09]} 6. g5 {[%clk 1:37:45]} Nd5 {[%clk 1:25:20]} 7. Nxe4
{[%clk 1:38:10]} Nc5 {[%clk 1:25:42]} 8. Nxc5 {[%clk 1:27:41]} Bxc5
{[%clk 1:26:11]} 9. Nf3 {[%clk 1:25:07]} O-O {[%clk 1:25:11]} 10. Qe2
{[%clk 1:22:50]} e5 {[%clk 1:20:13]} 11. O-O-O {[%clk 1:21:31]} Re8
{[%clk 1:17:59]} 12. Qe4 {[%clk 1:16:36]} f5 {[%clk 1:09:12]} 13. gxf6
{[%clk 1:13:02]} Nxf6 {[%clk 1:06:09]} 14. Qh4 {[%clk 1:11:57]} Bg4
{[%clk 1:02:21]} 15. Bc4+ {[%clk 1:11:36]} Kf8 {[%clk 0:57:37]} 16. Nxe5
{[%clk 1:11:37]} Bxd1 {[%clk 0:52:54]} 17. Qxh7 {[%clk 1:01:30]} Bh5
{[%clk 0:40:04]} 18. Qxh5 {[%clk 0:47:17]} Qxd2+ {[%clk 0:40:30]} 19. Kb1
{[%clk 0:47:39]} Ke7 {[%clk 0:40:51]} 20. Qf5 {[%clk 0:47:28]} c6
{[%clk 0:33:52]} 21. Nd3 {[%clk 0:41:26]} Bb4 {[%clk 0:27:55]} 22. a3
{[%clk 0:24:39]} Bc3 {[%clk 0:24:58]} 23. Qe6+ {[%clk 0:24:39]} Kd8
{[%clk 0:25:19]} 24. Qd6+ {[%clk 0:25:07]} Nd7 {[%clk 0:24:36]} 25. Bc1
{[%clk 0:24:26]} Qe2 {[%clk 0:24:47]} 26. Nc5 {[%clk 0:24:31]} Qg4
{[%clk 0:23:39]} 27. Nxb7+ {[%clk 0:23:32]} Kc8 {[%clk 0:24:02]} 28. Qxc6+
{[%clk 0:23:57]} Kb8 {[%clk 0:24:19]} 29. Nd6 {[%clk 0:24:21]} Qg2
{[%clk 0:24:07]} 30. Qxg2 {[%clk 0:24:41]} 1-0